Religion Quiz

Random Religion or Bible Quiz

Books of the Bible in alphabetical order Quiz Stats

 Plays Quiz not verified by Sporcle

Challenge
Share
Tweet
Embed
Score 0/66 Timer 10:00
0 Plays Today
Old/New testament Book % Correct
OTGenesis
89.9%
OTActs
89%
NTMark
85.3%
OTExodus
84.4%
NTJohn
83.5%
NTLuke
83.5%
NTMatthew
83.5%
OTAmos
79.8%
OTLeviticus
78.9%
OTRuth
78%
OTDeuteronomy
77.1%
OTPsalms
75.2%
NT1 Corinthians
74.3%
NT2 Corinthians
74.3%
NTRevelation
74.3%
OT1 Kings
73.4%
OT2 Kings
73.4%
OTEsther
73.4%
OTNumbers
72.5%
OTProverbs
72.5%
NT1 John
71.6%
NT2 John
71.6%
OT1 Samuel
71.6%
OT2 Samuel
71.6%
NT1 Timothy
71.6%
NT2 Timothy
71.6%
OT1 Chronicles
71.6%
OT2 Chronicles
70.6%
NT3 John
70.6%
OTDaniel
70.6%
OTJob
69.7%
NTRomans
69.7%
NT1 Peter
68.8%
Old/New testament Book % Correct
NT1 Thessalonians
68.8%
NT2 Thessalonians
68.8%
OTJoshua
68.8%
NTJude
68.8%
OTJudges
68.8%
OTLamentations
68.8%
OTNehemiah
68.8%
OTSong of Solomon
68.8%
NT2 Peter
67.9%
OTEzekiel
67.9%
OTJeremiah
67.9%
OTJonah
67.9%
OTMicah
67.9%
OTEzra
67%
OTObadiah
67%
NTPhilippians
67%
NTTitus
67%
OTZephaniah
67%
NTEphesians
66.1%
NTHebrews
66.1%
OTEcclesiastes
65.1%
OTHosea
65.1%
NTJames
65.1%
OTMalachi
65.1%
OTNahum
65.1%
NTColossians
64.2%
NTIsaiah
64.2%
OTHabakkuk
61.5%
OTJoel
61.5%
OTZechariah
60.6%
OTHaggai
59.6%
NTPhilemon
58.7%
NTGalations
41.3%

You're not logged in!

Compare scores with friends on all Sporcle quizzes.
Join for Free
OR
Log In

You Might Also Like...

Show Comments

Extras

Top Quizzes Today


Score Distribution

Your Account Isn't Verified!

In order to create a playlist on Sporcle, you need to verify the email address you used during registration. Go to your Sporcle Settings to finish the process.

Report this User

Report this user for behavior that violates our Community Guidelines.

Details: